[Event "Mittelfranken-chTB2a 1617"]
[Site "Mittelfranken"]
[Date "2017.01.22"]
[Round "5.2"]
[White "Daenzer, Tobias"]
[Black "Mueller, Norbert"]
[Result "1/2-1/2"]
[WhiteElo "1694"]
[BlackElo "1906"]
[PlyCount "24"]
[EventDate "2016.10.23"]
[EventType "team-tourn"]
[EventRounds "9"]
[EventCountry "GER"]
[SourceTitle "EXT 2022"]
[Source "ChessBase"]
[SourceDate "2021.10.06"]
[SourceVersion "1"]
[SourceVersionDate "2021.10.06"]
[SourceQuality "1"]
[WhiteTeam "Dombuehl"]
[BlackTeam "Bad Windsheim/Ansbach"]
[WhiteTeamCountry "GER"]
[BlackTeamCountry "GER"]

1. d4 f5 2. g3 Nf6 3. Bg2 e6 4. c4 d5 5. Nh3 c6 6. 0-0 Be7 7. b3 0-0 8. Bb2 a5 9. Nc3 Na6 10. Re1 Bd7 11. f3 Qe8 12. e4 fxe4 1/2-1/2

[Event "Mittelfranken-chTB2a 1617"]
[Site "Mittelfranken"]
[Date "2016.11.13"]
[Round "2.2"]
[White "Daenzer, Tobias"]
[Black "Hofer, Stefan1"]
[Result "0-1"]
[WhiteElo "1694"]
[BlackElo "1927"]
[PlyCount "146"]
[EventDate "2016.10.23"]
[EventType "team-tourn"]
[EventRounds "9"]
[EventCountry "GER"]
[SourceTitle "EXT 2022"]
[Source "ChessBase"]
[SourceDate "2021.10.06"]
[SourceVersion "1"]
[SourceVersionDate "2021.10.06"]
[SourceQuality "1"]
[WhiteTeam "Dombuehl"]
[BlackTeam "Cadolzburg"]
[WhiteTeamCountry "GER"]
[BlackTeamCountry "GER"]

1. Nf3 Nf6 2. g3 b6 3. Bg2 Bb7 4. d3 d5 5. Nbd2 Nbd7 6. 0-0 e6 7. Re1 Bc5 8. e4 dxe4 9. dxe4 Ng4 10. Re2 Nde5 11. Nxe5 Nxe5 12. Qe1 Ba6 13. c4 0-0 14. b3 Nd3 15. Qf1 e5 16. Nf3 Nxc1 17. Rxc1 Qe7 18. Rd2 Rfd8 19. Rcd1 Rxd2 20. Rxd2 Bb7 21. Qd3 Bc6 22. h4 a5 23. a4 Kf8 24. Kf1 f6 25. Bh3 Ke8 26. Ke2 Bb4 27. Rd1 Rd8 28. Qxd8+ Qxd8 29. Rxd8+ Kxd8 30. Kd3 Bc5 31. g4 Bxf2 32. g5 Bd7 33. Bf5 g6 34. Bxd7 Kxd7 35. gxf6 Bg3 36. c5 Ke6 37. f7 Kxf7 38. Kc4 Kf6 39. Kd5 h6 40. cxb6 cxb6 41. Kc6 Bf2 42. Kd5 Bd4 43. Nh2 h5 44. Nf3 Bf2 45. Kc6 Bxh4 46. Nxh4 Kg5 47. Nf3+ Kf4 48. Ng1 h4 49. Kxb6 Kg3 50. Kxa5 Kg2 51. b4 Kxg1 52. b5 h3 53. b6 h2 54. b7 h1Q 55. b8Q Qxe4 56. Qb6+ Kf1 57. Qb5+ Kf2 58. Kb6 Qd4+ 59. Kb7 e4 60. a5 e3 61. Qg5 Qe4+ 62. Kb8 e2 63. Qf6+ Qf3 64. Qb6+ Kf1 65. Qb5 Kg2 66. Qb2 Kg3 67. Qb1 Qf8+ 68. Kb7 Qe7+ 69. Kb6 Qe6+ 70. Kb7 e1Q 71. Qxe1+ Qxe1 72. a6 Qe7+ 73. Kb6 Qd6+ 0-1

[Event "Nuremberg Zabo op 16th"]
[Site "Nuremberg"]
[Date "2014.09.20"]
[Round "3"]
[White "Daenzer, Tobias"]
[Black "Kammer, Christoph"]
[Result "1-0"]
[WhiteElo "1644"]
[BlackElo "2054"]
[PlyCount "57"]
[EventDate "2014.09.19"]
[EventType "swiss"]
[EventRounds "5"]
[EventCountry "GER"]
[SourceTitle "EXT 2018"]
[Source "ChessBase"]
[SourceDate "2017.10.13"]
[SourceVersion "1"]
[SourceVersionDate "2017.10.13"]
[SourceQuality "1"]

1. d4 e6 2. c4 f5 3. g3 Nf6 4. Bg2 Be7 5. Nc3 d6 6. Nh3 c6 7. 0-0 0-0 8. Rb1 e5 9. dxe5 dxe5 10. Qc2 Na6 11. a3 Qe8 12. Ng5 Qh5 13. e4 h6 14. Nf3 fxe4 15. Nxe4 Bf5 16. Nh4 Bh7 17. Nxf6+ gxf6 18. Be4 f5 19. Bf3 Qf7 20. Bxh6 e4 21. Bxf8 Rxf8 22. Be2 Qg7 23. Kh1 Kh8 24. Ng2 Nc7 25. Nf4 Bg6 26. Rbd1 Be8 27. Bh5 Bf6 28. Bxe8 Nxe8 29. Ne6 1-0

[Event "Nuremberg Zabo op 16th"]
[Site "Nuremberg"]
[Date "2014.09.19"]
[Round "1"]
[White "Daenzer, Tobias"]
[Black "Wagner, Florian"]
[Result "0-1"]
[WhiteElo "1644"]
[BlackElo "2111"]
[PlyCount "70"]
[EventDate "2014.09.19"]
[EventType "swiss"]
[EventRounds "5"]
[EventCountry "GER"]
[SourceTitle "EXT 2018"]
[Source "ChessBase"]
[SourceDate "2017.10.13"]
[SourceVersion "1"]
[SourceVersionDate "2017.10.13"]
[SourceQuality "1"]

1. d4 Nf6 2. c4 c5 3. dxc5 Na6 4. Nf3 Nxc5 5. Nc3 a5 6. b3 d6 7. Qc2 g6 8. e4 Bg7 9. Bb2 0-0 10. Nd2 b6 11. Be2 Bb7 12. Rb1 Rc8 13. 0-0 e6 14. f4 b5 15. Bf3 Qb6 16. Kh1 b4 17. Ne2 Rfe8 18. Bd4 e5 19. Bf2 h5 20. g3 Bh6 21. h3 h4 22. Rbe1 hxg3 23. Bxg3 exf4 24. Nxf4 Ne6 25. Nd5 Bxd5 26. exd5 Nf4 27. Bf2 Qc7 28. Bd4 Qd7 29. Bg2 Rxe1 30. Rxe1 Nxg2 31. Kxg2 Nxd5 32. Qe4 Nf4+ 33. Kg1 Qxh3 34. Qe8+ Rxe8 35. Rxe8+ Bf8 0-1

[Event "Nuremberg Zabo op 12th"]
[Site "Nuremberg"]
[Date "2010.09.19"]
[Round "5"]
[White "Daenzer, Tobias"]
[Black "Ott, Hans1"]
[Result "0-1"]
[WhiteElo "1471"]
[BlackElo "1733"]
[PlyCount "94"]
[EventDate "2010.09.17"]
[EventType "swiss"]
[EventRounds "5"]
[EventCountry "GER"]
[SourceTitle "EXT 2011"]
[Source "ChessBase"]
[SourceDate "2010.11.26"]
[SourceVersion "1"]
[SourceVersionDate "2010.11.26"]
[SourceQuality "1"]

1. d4 Nf6 2. c4 g6 3. Nc3 Bg7 4. e4 d6 5. f3 0-0 6. Be3 e5 7. Nge2 exd4 8. Nxd4 Nbd7 9. Qd2 Nb6 10. Bh6 Nh5 11. 0-0-0 a6 12. g4 Bxh6 13. Qxh6 Ng7 14. h4 Ne6 15. Nxe6 fxe6 16. g5 Bd7 17. h5 Be8 18. hxg6 Bxg6 19. Be2 Qe7 20. Rh4 Qg7 21. Rdh1 Qxh6 22. Rxh6 Rf4 23. R6h4 Raf8 24. Rxf4 Rxf4 25. Nd1 Nd7 26. Ne3 Nf8 27. Ng2 Rf7 28. Kd2 e5 29. Rh3 Ne6 30. Rg3 Kg7 31. b4 Rf8 32. Ne3 c6 33. a4 Nd4 34. Nc2 c5 35. Nxd4 cxd4 36. Rh3 Be8 37. Bd1 Kg6 38. Rh6+ Kxg5 39. Rxh7 Rf7 40. Rxf7 Bxf7 41. Be2 Kf4 42. c5 dxc5 43. bxc5 Bb3 44. a5 Ba4 45. Bd3 Bb5 46. Ke2 Bxd3+ 47. Kxd3 Kxf3 0-1

[Event "Nuremberg Zabo op 12th"]
[Site "Nuremberg"]
[Date "2010.09.18"]
[Round "3"]
[White "Winterfeldt, Steffen"]
[Black "Daenzer, Tobias"]
[Result "1-0"]
[WhiteElo "1729"]
[BlackElo "1471"]
[PlyCount "87"]
[EventDate "2010.09.17"]
[EventType "swiss"]
[EventRounds "5"]
[EventCountry "GER"]
[SourceTitle "EXT 2011"]
[Source "ChessBase"]
[SourceDate "2010.11.26"]
[SourceVersion "1"]
[SourceVersionDate "2010.11.26"]
[SourceQuality "1"]

1. b4 e5 2. b5 a6 3. c4 axb5 4. cxb5 d5 5. Bb2 Bd6 6. Nf3 f6 7. e3 Ne7 8. Be2 0-0 9. 0-0 c5 10. bxc6 bxc6 11. Nc3 Nd7 12. Qc2 Nc5 13. d4 Bf5 14. Qd2 Nd7 15. dxe5 fxe5 16. e4 dxe4 17. Qxd6 exf3 18. Bxf3 Rf6 19. Qd2 Nf8 20. Qxd8 Rxd8 21. Ba3 Rd7 22. Bxe7 Rxe7 23. Rfe1 Ng6 24. Ne4 Bxe4 25. Bxe4 c5 26. Rac1 Rd7 27. Rxc5 Rd2 28. f3 Nf4 29. Rc2 Rfd6 30. g3 Nh3+ 31. Kf1 Rxc2 32. Bxc2 Ng5 33. Rxe5 Nxf3 34. Bb3+ Kf8 35. Rf5+ Rf6 36. Rxf6+ gxf6 37. Kg2 Nd4 38. Kf2 Ke7 39. Ke3 Nc6 40. Ke4 Kf8 41. a4 Kg7 42. Bd5 Ne5 43. Kd4 Kg6 44. Kc5 1-0